000 00732nam a2200289Ia 4500
005 20260324134730.0
008 008 260324s9999 xx 000 0 eng d
020 _a9781410608130
037 _aEBOOK
040 _aCRL
040 _beng
040 _cCRL
041 _2eng
041 _aeng
084 _qCRL
100 _aThomas L. Good; Joel R. Levin
_91197940
245 0 _aEducational Psychology
245 0 _bYesterday, Today, and Tomorrow: A Special Issue of Educational Psychologist
260 _bTaylor and Francis
260 _c2001
365 _a
365 _b120
856 _uhttp://www.taylorfrancis.com/books/9781410608130
942 _cEBOOK
999 _c1798321
_d1798321